000 01034cam a22003257a 4500
003 CHAP
005 20220329143043.0
008 051028d2003 es rd 00110 spa d
010 _a91250
011 _a92222
020 _a8420534714
035 _a102786
040 _cCHAP
082 0 4 _a005.742
_bD5
245 1 0 _aDiccionario de términos de comunicaciones y redes
_c/por Anna Navarro Schlegel
260 _aMadrid :
_bCisco Press,
_c2003.
300 _a612 p.
590 _aBATCH-UPD
_b10
_c20130110
_lUCH01
_h0019
590 _aBATCH-UPD
_b10
_c20130110
_lUCH01
_h0422
590 _aBATCH-UPD
_b10
_c20130410
_lUCH01
_h1604
590 _aBATCH-UPD
_b10
_c20130914
_lUCH01
_h1639
590 _aCONVERSION
_b10
_c20130109
_lUCH01
_h1351
650 1 4 _aInformática
_xDiccionarios.
_958157
650 1 4 _aTelecomunicaciones
_xDiccionarios.
_9112079
700 0 _aNavarro Schlegel, Anna.
_980598
901 _aBK
905 _aLilia
942 _cLIBRO
949 _a005.742 D5
_bBC
_cC
_d33724000966172
_eC
_gI.c/e
_h107369
_i102786
_sb
_t$265.00
999 _c91250
_d91250